| 000 | 00514cam a2200193 4500 | ||
|---|---|---|---|
| 001 | D6175 | ||
| 008 | 090401t1980 xxu||||| |||| 00| 0 eng d | ||
| 035 | _a(Sirsi) u88770 | ||
| 041 | _aeng | ||
| 050 | _a692.9 | ||
| 110 |
_aJoint Contracts Tribunal _93664 |
||
| 245 | _aJCT nominated sub-contracts NSC/4 and NSC/4a: fluctuation clauses | ||
| 260 |
_aLondon _bRIBA _c1980 |
||
| 300 | _a24p. 30cm | ||
| 350 | _a1.73 | ||
| 520 | _aFiled in box JCT 1980/17 A (Archives only) | ||
| 942 | _n0 | ||
| 948 | _c04/03/1997 | ||
| 999 |
_c97381 _d97381 |
||